Island, State, or Territory To Country #1 - Statistics

General Stats
  • This quiz has been taken 56 times
  • The average score is 13 of 15
Answer Stats
Island, State, or Territory Answer % Correct
Greenland Denmark
100%
Tasmania Australia
98%
Hokkaido Japan
98%
Massachusetts United States
98%
Scotland United Kingdom
96%
Svalbard Norway
95%
Brittany France
93%
Bali Indonesia
93%
Giza Governate Egypt
84%
Hainan China
82%
Nunavut Canada
77%
Batman Turkey
71%
La Pampa Argentina
68%
Viðey Iceland
55%
Socotra Yemen
54%
No matching quizzes found
Score Distribution
Percent of People with Each Score
Percentile by Number Answered
Your Score History
You have not taken this quiz